000
00258nam a2200097Ia 4500
001
1227978
005
20250827093033.0
008
250824s9999 xx 000 0 und d
245
0
_a
EYVALLAH
_c
KAHRAMAN TAZEOĞLU
260
_b
DESTEK YAYINLARI
999
_c
1227978
_d
1227978